01011nam a2200301Ia 450000500170000000800410001702000150005804000180007304100080009108200210009910000250012024500780014525000120022326000380023530000340027365000370030765000370034465000290038165000330041065000360044365000390047965000240051865000400054265000240058265000420060665000390064870000220068720241205094209.0210716s2003 xx 000 0 und d a0071151109 cAIMIT LIBRARY aeng a005.74 23bRAMR aRamakrishnan, Raghu. aDatabase management systems /cBy Raghu Ramakrishnan and Johannes Gehrke. a3rd ed. aNew York :bMcGraw Hill ,c2003 . axxxii, 1065p. ;bPBc23.5 cm. aDatabase application development aOverview of storage and indexing aTree structured indexing aOverview of query evaluation aEvaluating relational operators aTypical relational query optimizer aConcurrency control aPhysical database design and tuning aDeductive databases aData warehousing and decision support aInformation retrieval and xml data aGehrke, Johannes.